000 00739nam a2200217Ia 4500
005 20241129111007.0
008 241129s9999||||xx |||||||||||||| ||und||
020 _a81-7205-679-6
037 _aTB
040 _aCRL
_bpun
_cCRL
041 _apun
_2pun
084 _aO153:g, R2
_qCRL
100 _aਗੋਇਲ, ਜੰਗ ਬਹਾਦੁਰ, ਚ।
245 0 _aਸਾਹਿਤ ਸੰਜੀਵਨੀ
_cਗੋਇਲ, ਜੰਗ ਬਹਾਦੁਰ, ਚ।
260 _aਅੰਮ੍ਰਿਤਸਰ, ਭਾਰਤ
_bਅੰਮ੍ਰਿਤਸਰ ਸਿੰਘ ਬ੍ਰਦਰਜ਼
_c2022
300 _a167ਪ੍ਰ0
365 _aINR
_b200
650 _aPunjai Literature
942 _cTB
_hO153:g, R2
999 _c1228441
_d1228441